000
00265nam a2200109Ia 4500
005
20251222144812.0
008
251222s9999||||xx |||||||||||||| ||spa||
082
_a
278.05/D79
245
0
_a
Problemas del gobierno de las religiosas
264
_b
Coculsa
942
_c
LIB
999
_c
20141
_d
20141